Estudios sobre sexualidades en América Latina /

Este texto se propone presentar dos de los marcos más relevantes presentes en las posiciones que se organizan en torno al debate de las sexualidades en la región, desde posiciones teóricas y políticas que se autodefinen como críticas y comparten un cierto ideal un cierto ideal transformativo. Por un...

Description complète

Enregistré dans:
Détails bibliographiques
Auteur principal: Araujo, Kathya
Autres auteurs: ed. Prieto, Mercedes ed
Format: Texte
Publié: Quito: FLACSO
Sujets:
Tags: Ajouter un tag
Pas de tags, Soyez le premier à ajouter un tag!

MARC

LEADER 00000 a a2200000 04500
001 38631
003
040
020 |a 978-9978-67-160-3  
090 |a 0001 A663e  
100 |a Araujo, Kathya  
245 |a Estudios sobre sexualidades en América Latina /  |c Kathya Araujo 
260 |a Quito:   |b FLACSO  
300 |a 350 p.  
520 |a Este texto se propone presentar dos de los marcos más relevantes presentes en las posiciones que se organizan en torno al debate de las sexualidades en la región, desde posiciones teóricas y políticas que se autodefinen como críticas y comparten un cierto ideal un cierto ideal transformativo. Por un lado, se presentará el paradigma libertario y, por otro, el paradigma de los derechos como operador principal en las formas de concebir y abordar las sexualidades  
650 |a SEXUALIDAD  
650 |a FEMINISMO  
650 |a ETICA  
700 |a ed.   |a Prieto, Mercedes   |a ed.  
999 |c 8888  |d 8888